NHK紅白歌合戦 各組トリ - Statistics

General Stats
  • This quiz has been taken 30 times
  • The average score is 43 of 77
Answer Stats
年度 歌手名 % Correct
1989 北島三郎
85%
1992 北島三郎
85%
1993 北島三郎
85%
1996 北島三郎
85%
1999 北島三郎
85%
2001 北島三郎
85%
2006 北島三郎
85%
2009 北島三郎
85%
北島三郎
85%
2014
77%
2016
77%
2018
77%
2019
77%
2020 福山雅治
77%
2021 福山雅治
77%
2022 福山雅治
77%
2023 福山雅治
77%
2024 福山雅治
77%
松田聖子
73%
松田聖子
73%
松田聖子
73%
石川さゆり
69%
石川さゆり
69%
石川さゆり
69%
石川さゆり
69%
石川さゆり
69%
石川さゆり
69%
石川さゆり
69%
石川さゆり
69%
MISIA
65%
MISIA
65%
MISIA
65%
MISIA
65%
MISIA
65%
MISIA
65%
MISIA
65%
和田アキ子
62%
和田アキ子
62%
和田アキ子
62%
和田アキ子
62%
和田アキ子
62%
和田アキ子
62%
2025 Mrs. GREEN APPLE
58%
小林幸子
54%
1990 森進一
50%
1994 五木ひろし
50%
1997 五木ひろし
50%
1998 五木ひろし
50%
2000 五木ひろし
50%
天童よしみ
50%
2002 五木ひろし
50%
天童よしみ
50%
2004 五木ひろし
50%
天童よしみ
50%
2007 五木ひろし
50%
サザンオールスターズ
50%
坂本冬美
42%
2017 ゆず
42%
2003 SMAP
42%
1995 細川たかし
38%
安室奈美恵
35%
2008 氷川きよし
35%
2005 SMAP
31%
2010 SMAP
31%
2011 SMAP
31%
2012 SMAP
31%
2013 SMAP
31%
いきものがかり
23%
都はるみ
19%
都はるみ
19%
2015 近藤真彦
15%
川中美幸
8%
高橋真梨子
8%
1991 谷村新司
4%
由紀さおり
4%
DREAMS COME TRUE
4%
DREAMS COME TRUE
4%
No matching quizzes found
Score Distribution
Percent of People with Each Score
Percentile by Number Answered
Your Score History
You have not taken this quiz